00381nam a2200121 i 4500001000300000100002400003245005600027260002100083040000800104041000800112008004100120856009800161bg1 aKIELICH, Stanisław 0aMolekularna optyka nieliniowa /cStanisLaw Kiekich. aWarszawa,c1977. cBPK apol s pl f |000 0 pol  uhttp://koha.tu.koszalin.pl/cgi-bin/koha/opac-detail.pl?biblionumber=17191yKatalog online BPK